Movies Quiz

Random Movies or Nominee Quiz

Foreign Language Oscar Nominees Quiz Stats

Quiz Updated Feb 15, 2014

Challenge
Share
Tweet
Embed
Score 0/9 Timer 04:00
0 Plays Today
Year & Language Title % Correct
1998 (Italian)Life Is Beautiful (La vita è bella)
84.7%
2000 (Mandarin Chinese)Crouching Tiger, Hidden Dragon (Wòhǔ Cánglóng)
81.7%
2012 (French)Amour
58.2%
1995 (Italian/Spanish)Il postino
40.2%
2006 (Japanese)Letters from Iwo Jima
40%
1969 (French)Z
30.1%
1973 (Swedish)Cries and Whispers (Viskningar och rop)
27.2%
1937 (French)Grand Illusion (La grande illusion)
26.6%
1972 (Swedish)The Emigrants (Utvandrarna)
16.6%

You're not logged in!

Compare scores with friends on all Sporcle quizzes.
Sign Up with Email
OR
Log In

You Might Also Like...

Show Comments

Extras

Top Quizzes Today


Score Distribution

Your Account Isn't Verified!

In order to create a playlist on Sporcle, you need to verify the email address you used during registration. Go to your Sporcle Settings to finish the process.